000 00505nam a22001457a 4500
003 MACL
005 20200107164132.0
008 200107b xxu||||| |||| 00| 0 eng d
040 _cMACL
100 _aनौटियाल , शिवानन्‍द
_977701
245 _aगढ़वाल की झलकियॉं
260 _aदिल्‍ली
_bसत्‍साहित्‍य भण्‍डार
_c2019
650 _aलोक साहित्‍य
_949621
942 _2ddc
_cHIN
999 _c61695
_d61695